Vplyv geometrie rezného nástroja na kvalitu obrobeného povrchu

Na minha lista:
Detalhes bibliográficos
Autor principal: Fábik, Tomáš, 1989- (Author)
Outros Autores: Pokorný, Peter, 1976- (Thesis advisor)
Formato: Manuscrito Livro
Idioma:eslovaco
Publicado em: 2015
Assuntos:
Acesso em linha:http://is.stuba.sk/zp/portal_zp.pl?podrobnosti=110174
Tags: Adicionar Tag
Sem tags, seja o primeiro a adicionar uma tag!

MARC

LEADER 00000ntm a22000003a 4500
001 stuzp51024
003 SK-STU
005 20160719153730.3
007 ta
008 150427s2015----xo-----f-mn---000-0-slo-d
040 |a STU  |b slo 
041 0 |a slo 
100 1 |a Fábik, Tomáš,  |d 1989-  |u 063000  |4 aut  |U MTF Materiálovotechnologická fakulta  |T MTF Ústav výrobných technológií  |X 6774  |U M3000  |Y 83  |7 A000006774 
242 0 1 |a Influence of cutting tool geometry on surface quality  |y eng 
245 1 0 |a Vplyv geometrie rezného nástroja na kvalitu obrobeného povrchu 
260 |c 2015 
650 4 |a stopkový rezný nástroj  |2 slo 
650 4 |a geometria rezného nástroja  |2 slo 
650 4 |a kvalita obrobeného povrchu  |2 slo 
650 4 |a shank cutting tool  |2 eng 
650 4 |a cutting tool geometry  |2 eng 
650 4 |a surface quality  |2 eng 
700 1 |a Pokorný, Peter,  |d 1976-  |4 ths  |X 2771  |7 A000002771 
856 4 |u http://is.stuba.sk/zp/portal_zp.pl?podrobnosti=110174 
996 |c M* DP-12367  |l MMSKP  |s P  |a 0  |w stuzp51024_0001 
SQL |a stuzp51024  |b DDP  |c SLO  |d Vplyv geometrie rezného nástroja na kvalitu obrobeného povrchu  |e 6774  |f Fábik, Tomáš  |g 063000  |h 2771  |i Pokorný, Peter  |j 20150604  |k 187  |l 06  |m http://is.stuba.sk/zp/portal_zp.pl?podrobnosti=110174  |n I-PPN  |o 5.2.51. výrobné technológie